[Event "Tourn. n9178"]
[Site "www.chess-mail.com"]
[Date "2017.02.21"]
[Round "1"]
[White "Pachi"]
[Black "Autmich"]
[WhiteElo "1530"]
[BlackElo "1680"]
[Result "1/2-1/2"]
[Round "1"]
1.e4 e5
2.Ng1f3 Nb8c6
3.g3 Ng8f6
4.Bf1g2 d6
5.O-O Nf6xe4
6.d3 Ne4f6
7.a3 Bf8e7
8.b4 O-O
9.Bc1b2 Bc8g4
10.Qd1d2 Qd8d7
11.Nf3g5 h6
12.Ng5e4 Bg4f5
13.f4 Ra8b8
14.fxe5 Nc6xe5
15.Bb2xe5 dxe5
16.Qd2c3 Nf6xe4
17.dxe4 Bf5g6
18.Nb1d2 Rf8d8
19.Nd2c4 Qd7c6
20.a4 Bg6xe4
21.Bg2xe4 Qc6xe4
22.Ra1e1 Qe4c6
23.Qc3b3 b5
24.Nc4xe5 Qc6b6
25.Kh1 Be7f6
26.Ne5xf7 Kf8
27.Nf7xd8 Rb8xd8
28.axb5 Qb6xb5
29.Re1d1 Rd8xd1
30.Rf1xd1 Bf6d4
31.Qb3f3 Bd4f6
32.Qf3a8 Kf7
33.Qa8d5 Qb5xd5
34.Rd1xd5 Bf6e7
35.b5 Be7d6
36.c3 Ke6
37.c4 g5
38.Rd5d1 Bd6c5
39.Kg2 Bc5b6
40.Kh3 Kf5
41.Rd1c1 Bb6c5
42.Rc1f1 Kg6
43.Kg4 h5
44.Kf3 g4
45.Kf4 Bc5d6
46.Ke3 Bd6c5
47.Ke4 { draw }
1/2-1/2

[Event "Tourn. n9078"]
[Site "www.chess-mail.com"]
[Date "2017.02.21"]
[Round "1"]
[White "Julian"]
[Black "Crull"]
[WhiteElo "1900"]
[BlackElo "1790"]
[Result "1/2-1/2"]
[Round "1"]
1.e4 c5
2.Ng1f3 Nb8c6
3.c3 e5
4.d4 exd4
5.cxd4 cxd4
6.Nf3xd4 Nc6xd4
7.Qd1xd4 Ng8e7
8.Nb1c3 Ne7c6
9.Qd4d3 Bf8c5
10.Bc1e3 Bc5b4
11.O-O-O O-O
12.Kb1 Nc6e5
13.Qd3d4 Ne5c6
14.Qd4c4 d6
15.Nc3d5 Bc8e6
16.Bf1d3 a5
17.f4 Ra8c8
18.Qc4b5 Nc6e7
19.Be3b6 Qd8e8
20.Qb5xe8 Rf8xe8
21.Bd3b5 Ne7xd5
22.exd5 Be6f5
23.Ka1 Rc8b8
24.Bb5xe8 Rb8xe8
25.h3 h6
26.g4 Bf5c2
27.Rd1c1 Bc2e4
28.Rh1d1 Be4f3
29.Rd1d3 Bf3e2
30.Rd3g3 Bb4d2
31.Rc1g1 Bd2xf4
32.Rg3b3 Be2c4
33.Rb3f3 Bf4e5
34.Kb1 Bc4xd5
35.Rf3f1 a4
36.h4 Be5h2
37.g5 Bh2xg1
38.Rf1xg1 Re8c8
39.gxh6 g6
40.h5 Kh7
41.hxg6 fxg6
42.Rg1d1 Bd5e4
43.Ka1 d5
44.Bb6d4 Kxh6
45.Bd4f6 b5
46.b3 a3
47.Bf6e7 Rc8c7
48.Be7xa3 g5
49.Ba3d6 Rc7c6
50.Bd6f8 Kg6
51.Kb2 g4
52.a4 bxa4
53.bxa4 Rc6c2
54.Kb3 g3
55.a5 g2
56.Rd1g1 Rc2f2
57.Bf8c5 Rf2f1
58.a6 Rf1xg1
59.Bc5xg1 d4
60.Bg1xd4 Kf5
61.a7 { draw }
1/2-1/2

[Event "Tourn. n9223"]
[Site "www.chess-mail.com"]
[Date "2017.02.21"]
[Round "1"]
[White "Autmich"]
[Black "Azulmarino"]
[WhiteElo "1680"]
[BlackElo "1470"]
[Result "0-1"]
[Round "1"]
1.e4 e5
2.Ng1f3 Nb8c6
3.Bf1c4 d6
4.Nb1c3 Ng8f6
5.d3 h6
6.O-O Bc8d7
7.Bc1e3 a6
8.h3 g5
9.d4 Qd8c8
10.dxe5 dxe5
11.Qd1d2 Bf8b4
12.Qd2d3 Bd7xh3
13.gxh3 Qc8xh3
14.Be3d2 Ra8d8
15.Qd3e3 Nf6g4
16.Qe3e2 Nc6d4
17.Bc4xf7 Kxf7
18.Nf3xe5 Ng4xe5
19.Qe2e3 Nd4f3
{ resign }
0-1

[Event "Tourn. n9178"]
[Site "www.chess-mail.com"]
[Date "2017.02.21"]
[Round "1"]
[White "Vasylpuzanov"]
[Black "Pachi"]
[WhiteElo "1420"]
[BlackElo "1540"]
[Result "1-0"]
[Round "1"]
1.e4 e5
2.f4 d5
3.exd5 Qd8xd5
4.Nb1c3 Qd5e6
5.fxe5 Qe6xe5
6.Bf1e2 Bf8b4
7.Ng1f3 Qe5e6
8.O-O Bb4c5
9.d4 Bc5b4
10.Bc1d2 c6
11.Rf1e1 Qe6g6
12.Be2d3 Qg6e6
13.Re1xe6 Bc8xe6
14.Qd1e2 Kf8
15.a3 Bb4xc3
16.Bd2xc3 f6
17.Qe2xe6 Ng8h6
18.Bc3b4 { resign }
1-0

[Event "Tourn. n9045"]
[Site "www.chess-mail.com"]
[Date "2017.02.21"]
[Round "1"]
[White "Woadman62"]
[Black "Krystek23"]
[WhiteElo "2610"]
[BlackElo "2330"]
[Result "1-0"]
[Round "1"]
1.e4 c5
2.Ng1f3 e6
3.d4 cxd4
4.Nf3xd4 Nb8c6
5.Nb1c3 Qd8c7
6.Bf1e2 a6
7.Bc1e3 Ng8f6
8.O-O Bf8e7
9.f4 d6
10.Qd1e1 O-O
11.Qe1g3 Nc6xd4
12.Be3xd4 b5
13.a3 Bc8b7
14.Be2f3 Rf8d8
15.Ra1e1 Nf6e8
16.Qg3f2 Rd8d7
17.Re1d1 Ra8c8
18.Rd1d3 Bb7c6
19.Rf1d1 Be7f6
20.Bd4b6 Qc7b7
21.Qf2e3 Bf6xc3
22.Rd3xc3 Ne8f6
23.Bb6a5 Rc8b8
24.Rd1e1 e5
25.fxe5 dxe5
26.h3 Rb8c8
27.Rc3d3 Kh8
28.Ba5c3 Rc8e8
29.Re1e2 Kg8
30.Qe3f2 h6
31.Kh2 Rd7e7
32.Bc3b4 Re7d7
33.Qf2h4 Qb7c7
34.Bb4c3 Bc6b7
35.Qh4e1 Rd7d6
36.Bc3a5 Qc7b8
37.Qe1g3 Rd6e6
38.Ba5d2 Kh8
39.Bd2c3 Kg8
40.Bc3b4 Bb7a8
41.Qg3f2 Qb8c7
42.Qf2e1 Qc7c8
43.Re2d2 Qc8c7
44.Rd2d1 Ba8c6
45.Bb4a5 Qc7b8
46.Rd3d8 Qb8b7
47.Rd8xe8 Re6xe8
48.Rd1d6 Nf6h7
49.h4 Nh7f6
50.Ba5d8 Nf6d7
51.Qe1c3 Nd7b8
52.Qc3e3 Bc6d7
53.Bd8a5 Bd7e6
54.Qe3c5 Re8c8
55.Qc5b6 Qb7e7
56.Rd6d8 Rc8xd8
57.Qb6xd8 Qe7xd8
58.Ba5xd8 Nb8c6
59.Bd8b6 f6
60.Kg3 Kf7
61.Kf2 g6
62.h5 g5
63.Ke3 Ke7
64.Bf3e2 Nc6d8
65.Bb6c5 Kf7
66.Bc5d6 Nd8c6
67.a4 Nc6d4
68.axb5 axb5
69.Be2d3 Be6d7
70.g3 Ke8
71.Kf2 Nd4e6
72.Bd3e2 Ne6d4
73.Be2d3 Kf7
74.Bd6a3 Nd4e6
75.Bd3e2 Bd7e8
76.Ba3d6 Ne6d4
77.Be2d1 Be8d7
78.Ke3 g4
79.Bd6b4 Nd4c6
80.Bb4d2 Nc6d8
81.Bd1e2 Kg7
82.Bd2b4 Kf7
83.c3 Ke8
84.Bb4a3 Nd8f7
85.c4 bxc4
86.Be2xc4 Nf7g5
87.b4 Bd7e6
88.Bc4e2 Kd7
89.b5 Ng5h7
90.Ba3b4 Ke8
91.b6 Be6c8
92.Be2b5 Kd8
93.Bb5c6 Bc8a6
94.b7 Ba6xb7
95.Bc6xb7 { resign }
1-0

[Event "Tourn. n9207"]
[Site "www.chess-mail.com"]
[Date "2017.02.21"]
[Round "1"]
[White "Aiko1603"]
[Black "Falcoale"]
[WhiteElo "1840"]
[BlackElo "1870"]
[Result "1-0"]
[Round "1"]
1.c4 Ng8f6
2.Nb1c3 e6
3.g3 b6
4.Bf1g2 Nb8c6
5.d4 Bc8b7
6.e4 a6
7.e5 Nf6g8
8.Ng1f3 f6
9.O-O f5
10.d5 Nc6a7
11.Bc1f4 Ng8e7
12.Bf4g5 h6
13.Bg5xe7 Qd8xe7
14.d6 cxd6
15.exd6 Qe7xd6
16.Qd1xd6 Bf8xd6
17.Ra1d1 Bd6c5
18.Nf3e5 Bb7xg2
19.Kxg2 Na7c6
20.Ne5xd7 Kf7
21.Nd7xc5 bxc5
22.Rd1d7 Kf6
23.Rd7d6 Nc6e5
24.b3 Ke7
25.Rd6d2 g5
26.Rf1e1 Ne5g4
27.h3 Ng4f6
28.Rd2e2 Nf6e4
29.Nc3xe4 fxe4
30.Re2xe4 Rh8e8
31.Re4xe6 Kd7
32.Re6xe8 Ra8xe8
33.Re1xe8 Kxe8
34.Kf3 Ke7
35.Kg4 Kf6
36.Kh5 { resign }
1-0

[Event "Tourn. n9183"]
[Site "www.chess-mail.com"]
[Date "2017.02.21"]
[Round "1"]
[White "Autmich"]
[Black "Azulmarino"]
[WhiteElo "1770"]
[BlackElo "1480"]
[Result "1-0"]
[Round "1"]
1.e4 e5
2.Ng1f3 d5
3.exd5 Qd8xd5
4.Nb1c3 Qd5e6
5.Bf1e2 Bf8d6
6.O-O h6
7.Rf1e1 Ng8f6
8.d4 e4
9.Be2d3 Qe6g4
10.Nc3xe4 O-O
11.h3 Qg4g6
12.Ne4xd6 cxd6
13.Bd3xg6 fxg6
14.c3 Bc8d7
15.Qd1b3 d5
16.Nf3e5 b6
17.Ne5xg6 Rf8f7
18.Ng6e7 Kf8
19.Ne7xd5 Nb8c6
20.Nd5xf6 gxf6
21.Bc1xh6 Kg8
22.Re1e3 Nc6a5
23.Re3g3 Bd7g4
24.Rg3xg4 Kh7
25.Qb3xf7 { resign }
1-0

[Event "Tourn. n9152"]
[Site "www.chess-mail.com"]
[Date "2017.02.21"]
[Round "1"]
[White "Genius3"]
[Black "Actmy"]
[WhiteElo "1870"]
[BlackElo "1909"]
[Result "0-1"]
[Round "1"]
1.Ng1f3 f5
2.e4 fxe4
3.Nf3g5 Ng8f6
4.d3 d5
5.dxe4 h6
6.e5 hxg5
7.exf6 exf6
8.Bf1d3 Bc8e6
9.Bd3g6 Be6f7
10.Bg6xf7 Kxf7
11.Nb1c3 c6
12.Bc1e3 Bf8d6
13.h3 Qd8e7
14.Qd1d2 Nb8d7
15.O-O-O Nd7b6
16.Rh1e1 Nb6c4
17.Qd2e2 Bd6a3
18.Nc3a4 b5
19.bxa3 Qe7xa3
20.Kb1 bxa4
21.Be3d4 Ra8e8
22.Qe2d3 Re8xe1
23.Rd1xe1 Qa3b4
24.Ka1 Qb4xe1
{ resign }
0-1

[Event "Tourn. n9104"]
[Site "www.chess-mail.com"]
[Date "2017.02.21"]
[Round "1"]
[White "Greghghs"]
[Black "Prize640"]
[WhiteElo "2290"]
[BlackElo "2420"]
[Result "1/2-1/2"]
[Round "1"]
1.e4 c5
2.Ng1f3 Nb8c6
3.d4 cxd4
4.Nf3xd4 e5
5.Nd4b5 d6
6.Nb1c3 a6
7.Nb5a3 b5
8.Nc3d5 Ng8e7
9.Bf1d3 Ne7xd5
10.exd5 Nc6d4
11.c3 Nd4f5
12.Na3c2 Bc8d7
13.Nc2e3 Nf5xe3
14.Bc1xe3 f5
15.O-O Bf8e7
16.f4 e4
17.Bd3e2 O-O
18.Qd1d2 Be7f6
19.Ra1d1 a5
20.Be3d4 Bf6xd4
21.Qd2xd4 Qd8c7
22.a3 Rf8c8
23.Rd1d2 b4
24.axb4 axb4
25.c4 Qc7c5
26.Qd4xc5 Rc8xc5
27.b3 Ra8a3
28.Rf1b1 g6
29.Kf2 Rc5a5
30.Ke3 Kf7
31.Kd4 h6
32.Rd2c2 Kf6
33.Rb1b2 g5
34.g3 Ra5c5
35.Rb2a2 Ra3xb3
36.Ra2b2 Rb3a3
37.fxg5 hxg5
38.Rb2xb4 Rc5c8
39.Rb4b6 Ke7
40.Rb6b7 Rc8d8
41.Rc2b2 Kf6
{ draw }
1/2-1/2

[Event "Tourn. n9145"]
[Site "www.chess-mail.com"]
[Date "2017.02.21"]
[Round "1"]
[White "Jjmcbride"]
[Black "Cal"]
[WhiteElo "1580"]
[BlackElo "1510"]
[Result "1-0"]
[Round "1"]
1.e4 e5
2.Ng1f3 d6
3.d4 exd4
4.Nf3xd4 c5
5.Bf1b5 Bc8d7
6.Bb5xd7 Qd8xd7
7.Nd4e2 h6
8.O-O Ng8f6
9.f3 Bf8e7
10.b3 Nb8c6
11.a3 a6
12.h3 Nc6e5
13.Nb1c3 b5
14.Ne2g3 O-O
15.f4 Ne5c6
16.Bc1b2 Ra8e8
17.f5 Nc6d4
18.Nc3d5 Nf6xd5
19.exd5 Be7f6
20.Qd1d3 Kh7
21.b4 c4
22.Qd3d2 Re8e7
23.Bb2xd4 Bf6g5
24.Qd2c3 f6
25.Ra1e1 Re7xe1
26.Rf1xe1 Bg5f4
27.Re1f1 Bf4xg3
28.Qc3xg3 a5
29.Qg3g6 Kh8
30.bxa5 Rf8a8
31.Rf1e1 Ra8f8
32.Re1e6 Rf8g8
33.Bd4xf6 Qd7a7
34.Kh2 gxf6
35.Qg6xf6 Rg8g7
36.Qf6xh6 Kg8
37.Re6e8 Kf7
38.Qh6e6 { resign }
1-0

[Event "Match"]
[Site "www.echecsemail.com"]
[Date "2017.02.21"]
[Round "1"]
[White "Sonfamen"]
[Black "Gimmyg"]
[WhiteElo "1809"]
[BlackElo "2510"]
[Result "0-1"]
[Round "1"]
1.g3 d5
2.Bf1g2 Ng8f6
3.Nb1c3 c5
4.b3 e5
5.e4 dxe4
6.Nc3xe4 Nf6xe4
7.Bg2xe4 Qd8d4
8.d3 Qd4xa1
9.Ng1f3 Bc8g4
10.Be4xb7 Bf8d6
11.Bb7xa8 O-O
12.a4 Nb8a6
13.Ba8e4 Na6b4
14.O-O f5
15.Qd1e2 fxe4
16.dxe4 Qa1c3
17.Bc1e3 Bg4xf3
18.Qe2c4 Qc3xc4
19.bxc4 Nb4xc2
{ resign }
0-1

[Event "Match"]
[Site "www.echecsemail.com"]
[Date "2017.02.21"]
[Round "1"]
[White "Whitekknight"]
[Black "Genius9"]
[WhiteElo "1920"]
[BlackElo "1610"]
[Result "0-1"]
[Round "1"]
1.e4 e5
2.Ng1f3 Nb8c6
3.Bf1c4 Bf8c5
4.O-O Ng8f6
5.Nb1c3 d6
6.h3 O-O
7.Rf1e1 h6
8.d3 Nc6d4
9.Nf3xd4 Bc5xd4
10.Nc3e2 Bd4b6
11.Ne2g3 Bc8e6
12.Bc4xe6 fxe6
13.Qd1f3 Nf6d5
14.Ng3f5 exf5
15.exf5 Nd5e7
16.g4 Ne7c6
17.Bc1e3 Nc6e7
18.Be3xb6 axb6
19.Qf3xb7 Ra8b8
20.Qb7e4 Qd8d7
21.c4 Qd7c6
22.Qe4e3 Qc6c5
23.Qe3d2 Ne7c6
24.Kg2 Nc6d4
25.Re1e3 b5
26.b4 Qc5a7
27.Qd2c3 bxc4
28.Qc3xc4 Kh8
29.a3 Qa7b7
{ resign }
0-1

[Event "Match"]
[Site "www.echecsemail.com"]
[Date "2017.02.21"]
[Round "1"]
[White "Babedad"]
[Black "Yaw1"]
[WhiteElo "2260"]
[BlackElo "1809"]
[Result "1-0"]
[Round "1"]
1.b3 Ng8f6
2.Bc1b2 e6
3.e3 Nb8c6
4.Bf1b5 Nf6e4
5.Nb1c3 Ne4xc3
6.Bb2xc3 Qd8g5
7.Bb5f1 b6
8.Ng1f3 Qg5c5
9.g3 d6
10.Bf1g2  { time }
1-0

[Event "Match"]
[Site "www.echecsemail.com"]
[Date "2017.02.21"]
[Round "1"]
[White "Coraza"]
[Black "Cal"]
[WhiteElo "1790"]
[BlackElo "1500"]
[Result "1-0"]
[Round "1"]
1.e4 e5
2.Ng1f3 d6
3.d4 exd4
4.Nf3xd4 Ng8f6
5.Qd1e2 h6
6.h3 a6
7.Nb1c3 c5
8.Nd4f3 Bf8e7
9.e5 dxe5
10.Nf3xe5 O-O
11.Bc1e3 b6
12.g3 Bc8e6
13.Bf1g2 Qd8c7
14.Be3f4 Be7d6
15.Bg2xa8 Rf8e8
16.O-O-O Bd6xe5
17.Bf4xe5 Qc7a7
18.Ba8f3 Nf6h7
19.Bf3e4 Nh7g5
20.Be5xb8 Qa7xb8
21.h4 Ng5h7
22.Be4xh7 Kxh7
23.Qe2d3 g6
24.h5 Be6f5
25.hxg6 fxg6
26.Qd3d2 Re8e7
27.Qd2xh6 Kg8
28.Qh6h8 Kf7
29.Rh1h7 { resign }
1-0

[Event "Match"]
[Site "www.echecsemail.com"]
[Date "2017.02.21"]
[Round "1"]
[White "Mrmoto"]
[Black "Yaw1"]
[WhiteElo "1610"]
[BlackElo "1809"]
[Result "1-0"]
[Round "1"]
1.e4 c6
2.d4 e5
3.Ng1f3 exd4
4.Qd1xd4 h6
5.Qd4d1 Bf8c5
6.Bf1c4 Qd8c7
7.Nb1c3 Ng8f6
8.h3 O-O
9.O-O b5
10.Bc4e2 a5
11.a3 Bc8b7
12.Bc1f4 Qc7xf4
13.Be2d3 Bc5d6
14.Nc3e2 Qf4xf3
15.gxf3 Bd6e5
16.c3 d6
17.Ra1b1 Nb8d7
18.f4 g5
19.fxe5 Nd7xe5
20.Bd3c2  { time }
1-0

[Event "Match"]
[Site "www.echecsemail.com"]
[Date "2017.02.21"]
[Round "1"]
[White "Milkyway"]
[Black "Balbyns"]
[WhiteElo "1920"]
[BlackElo "1199"]
[Result "0-1"]
[Round "1"]
1.d4 d5
2.Bc1f4 e6
3.e3 Ng8f6
4.Ng1f3 a6
5.Bf1d3 Bf8d6
6.Bf4xd6 Qd8xd6
7.O-O O-O
8.Nb1d2 Nb8c6
9.c3 Rf8e8
10.Rf1e1 b5
11.e4 dxe4
12.Nd2xe4 Nf6xe4
13.Bd3xe4 f5
14.Be4xc6 Qd6xc6
15.Nf3e5 Qc6d6
16.Qd1f3 Qd6d5
17.Qf3xd5 exd5
18.f4 a5
19.a3 Bc8b7
20.Kf2 Ra8c8
21.g3 c5
22.Ne5f3 g6
23.dxc5 Kf8
24.Nf3e5 Kg7
25.b4 h6
26.Ra1d1 g5
27.h3 a4
28.Ne5d3 Kf6
29.fxg5 hxg5
30.Re1xe8 Rc8xe8
31.Rd1e1 Re8h8
32.g4 Rh8xh3
33.Re1e3 fxg4
34.Re3xh3 gxh3
35.Kg3 g4
36.Nd3f2 Bb7c8
37.Nf2d3 Kf5
38.Nd3f4 h2
39.Kxh2 Kxf4
{ resign }
0-1

[Event "Eq:SIETE ESTRELLAS VERDES-Equipo Juan Diaz : "]
[Site "www.chess-mail.com"]
[Date "2017.02.21"]
[Round "1"]
[White "Susov"]
[Black "Naujzaid"]
[WhiteElo "1860"]
[BlackElo "2140"]
[Result "0-1"]
[Round "1"]
1.e4 c5
2.Ng1f3 d6
3.d4 cxd4
4.Bf1c4 e6
5.Nb1c3 dxc3
6.bxc3 Qd8c7
7.Bc4b3 Qc7xc3
8.Bc1d2 Qc3c7
9.O-O Ng8f6
10.Rf1e1 Bf8e7
11.Bd2f4 Nb8c6
12.h3 O-O
13.c4 b6
14.Ra1c1 Bc8b7
15.c5 bxc5
16.Rc1xc5 Qc7b6
17.Rc5c1 Rf8d8
18.Qd1c2 Ra8c8
19.Qc2d2 h6
20.Bf4xh6 gxh6
21.Qd2xh6 Nf6h7
22.Rc1b1 Qb6c7
23.Rb1c1 Be7f8
24.Qh6e3 Qc7e7
25.e5 dxe5
26.Nf3xe5 Nc6xe5
27.Qe3xe5 Bf8g7
28.Qe5h5 Rc8xc1
29.Re1xc1 Qe7g5
30.Qh5xg5 Nh7xg5
31.Rc1c7 Rd8b8
32.Bb3c2 Bg7d4
33.h4 Ng5e4
34.Bc2xe4 Bb7xe4
35.Rc7c4 Rb8b1
36.Kh2 Bd4e5
37.g3 Rb1h1
{ resign }
0-1

[Event "Fast Game"]
[Site "www.echecsemail.com"]
[Date "2017.02.21"]
[Round "1"]
[White "Pellix84"]
[Black "Norwich"]
[WhiteElo "1610"]
[BlackElo "1439"]
[Result "1-0"]
[Round "1"]
1.d4 f5
2.g3 Ng8f6
3.Bf1g2 d5
4.c4 e6
5.Nb1c3 Bf8b4
6.e3 O-O
7.Ng1f3 Nf6e4
8.Qd1c2 Bb4xc3
9.bxc3 c6
10.cxd5 exd5
11.c4 Bc8e6
12.Bc1a3 Rf8e8
13.cxd5 cxd5
14.O-O Nb8c6
{ time. }
1-0

[Event "Fast Game"]
[Site "www.echecsemail.com"]
[Date "2017.02.21"]
[Round "1"]
[White "Yaw1"]
[Black "Pellix84"]
[WhiteElo "1799"]
[BlackElo "1610"]
[Result "0-1"]
[Round "1"]
1.Ng1f3 d5
2.g3 Bc8f5
3.d3 e6
4.Nb1c3 Bf8b4
5.Bc1d2 Ng8f6
6.Nc3b5 Bb4xd2
7.Qd1xd2 O-O
8.Qd2f4 Nb8a6
9.Nf3e5 c6
10.Nb5d4 Nf6h5
11.Qf4d2 Qd8b6
12.Nd4b3 Qb6c7
13.f4 Nh5f6
14.O-O-O Rf8d8
15.Nb3d4 Nf6g4
16.Nd4xf5 Ng4f2
17.Nf5h4 Nf2xh1
18.Bf1g2 Nh1f2
19.Rd1f1 Qc7b6
20.e3 f6
21.Qd2xf2 fxe5
22.fxe5 Rd8f8
23.Nh4f3 Qb6c5
24.d4 Qc5c4
25.b3 Qc4c3
26.Bg2h3 Ra8e8
27.Kb1 c5
28.dxc5 Na6xc5
29.Qf2e1 Nc5e4
30.Qe1xc3 Ne4xc3
31.Kb2 Nc3e4
32.Bh3g2 Re8c8
33.Bg2h3 Rc8c6
34.Rf1g1 Rf8xf3
 { time }
0-1

[Event "Fast Game"]
[Site "www.echecsemail.com"]
[Date "2017.02.21"]
[Round "1"]
[White "Vgrynyuk"]
[Black "Pellix84"]
[WhiteElo "1599"]
[BlackElo "1580"]
[Result "1-0"]
[Round "1"]
1.e4 c5
2.Ng1f3 d6
3.d4 cxd4
4.Nf3xd4 Ng8f6
5.Nb1c3 a6
6.Bc1e3 e6
7.f3 b5
8.Qd1d2 Bc8b7
9.g4 h6
10.O-O-O Nb8d7
11.h4 Qd8c7
12.Bf1h3 b4
13.Nc3e2 Ra8c8
14.g5 hxg5
15.hxg5 Nf6h5
16.g6 Nd7e5
17.gxf7 Ne5xf7
18.Bh3xe6 Rc8d8
19.Be6f5 Bb7c8
20.Bf5g6 Qc7a5
21.Nd4c6 Qa5xa2
22.Qd2xb4 Qa2e6
23.Rh1g1 Bf8e7
24.Nc6xd8 Kxd8
25.Ne2d4 Qe6f6
26.Qb4b8 { resign }
1-0

[Event "Tourn. n9213"]
[Site "www.chess-mail.com"]
[Date "2017.02.22"]
[Round "1"]
[White "Bitcoin"]
[Black "Osopanda"]
[WhiteElo "1809"]
[BlackElo "2040"]
[Result "1-0"]
[Round "1"]
1.e4 c5
2.Ng1f3 d6
3.d4 cxd4
4.Nf3xd4 Ng8f6
5.Nb1c3 a6
6.Bc1e3 e5
7.Nd4b3 Bc8e6
8.f3 Nb8d7
9.Qd1d2 b5
10.O-O-O Ra8c8
11.g4 h6
12.Kb1 Bf8e7
13.h4 O-O
14.g5 hxg5
15.hxg5 Nf6e8
16.Qd2h2 f6
17.Qh2h7 { resign }
1-0

[Event "Tourn. n9198"]
[Site "www.chess-mail.com"]
[Date "2017.02.22"]
[Round "1"]
[White "Guidom"]
[Black "Ssharp"]
[WhiteElo "2040"]
[BlackElo "2170"]
[Result "0-1"]
[Round "1"]
1.e4 e6
2.d4 d5
3.Nb1c3 Bf8b4
4.e5 c5
5.a3 Bb4xc3
6.bxc3 Ng8e7
7.Qd1g4 O-O
8.Bc1h6 Ne7g6
9.Bh6d2 Nb8c6
10.Ng1f3 c4
11.h4 f5
12.Qg4g3 Qd8a5
13.h5 Ng6h8
14.Bf1e2 Nh8f7
15.h6 g6
16.Nf3h4 Nc6e7
17.Be2h5 Nf7h8
18.Qg3g5 Qa5d8
19.Qg5g3 Bc8d7
20.Bd2g5 Bd7e8
21.Bg5f6 Qd8d7
22.Bf6g7 Rf8f7
23.Bh5e2 Rf7xg7
24.hxg7 Kxg7
25.Qg3g5 Ne7g8
26.Nh4f3 Qd7e7
27.Qg5g3 h6
28.O-O Nh8f7
29.Rf1b1 a5
30.Nf3d2 Ra8b8
31.f4 Be8a4
32.Rb1b2 Ba4e8
33.Qg3e1 a4
34.Rb2b4 Nf7d8
35.Qe1b1 Qe7h4
36.Qb1f1 b5
37.Ra1b1 Rb8b7
38.Qf1f3 Be8c6
39.g3 Qh4e7
40.g4 fxg4
41.Qf3xg4 Kf8
42.Qg4xg6 Qe7h4
43.Qg6g4 Rb7g7
44.Qg4xg7 Kxg7
45.Rb1f1 Qh4g3
46.Kh1 Qg3h3
47.Kg1 Qh3e3
48.Rf1f2 Qe3xd2
49.Rf2g2 Kh8
{ resign }
0-1

[Event "Tourn. n9229"]
[Site "www.chess-mail.com"]
[Date "2017.02.22"]
[Round "1"]
[White "Norlavuaram"]
[Black "Yaw1"]
[WhiteElo "2160"]
[BlackElo "2149"]
[Result "1-0"]
[Round "1"]
1.e4 c6
2.d4 e5
3.dxe5 Bf8c5
4.Bf1c4 b5
5.Bc4b3 Qd8h4
6.Qd1f3 Qh4e7
7.Bc1f4 Bc5d4
8.c3 Bd4c5
9.Ng1e2 h5
10.O-O a5
11.h3 a4
12.Bb3c2 g5
13.Bf4g3 Qe7e6
14.Ne2d4 Qe6e7
15.Nb1d2 Nb8a6
16.Nd4f5 Qe7d8
17.Nf5g7 Kf8
18.Ng7xh5 d5
19.exd5 cxd5
20.Nh5f6 Ng8xf6
21.exf6 Bc8xh3
22.gxh3 Qd8d7
23.Bc2f5 Qd7b7
24.Rf1e1  { time }
1-0

[Event "Tourn. n9141"]
[Site "www.chess-mail.com"]
[Date "2017.02.22"]
[Round "1"]
[White "Roque1"]
[Black "Picifarkinca"]
[WhiteElo "1870"]
[BlackElo "1630"]
[Result "1-0"]
[Round "1"]
1.e4 e5
2.Ng1f3 Ng8f6
3.Nb1c3 Nb8c6
4.Bf1b5 Nc6d4
5.Nf3xe5 Nd4xb5
6.Nc3xb5 Nf6xe4
7.Qd1f3 Ne4f6
8.d4 d6
9.Ne5d3 Bf8e7
10.Bc1f4 a6
11.Nb5c3 Bc8f5
12.O-O O-O
13.Qf3xb7 Bf5xd3
14.cxd3 Qd8b8
15.Qb7b3 Qb8xb3
16.axb3 Rf8b8
17.Ra1a3 Rb8b4
18.Rf1e1 Kf8
19.Nc3e2 Nf6d5
20.Bf4g3 Be7f6
21.Ra3a5 Rb4b5
22.Ra5a1 Rb5xb3
23.Re1c1 Rb3xd3
24.Ne2c3 Nd5b6
25.Nc3e4 Bf6xd4
26.Rc1xc7 Bd4xb2
27.Ra1b1 Nb6a4
28.Bg3xd6 Rd3xd6
29.Ne4xd6 Bb2e5
30.Rc7xf7 Kg8
31.Rf7a7 Ra8d8
32.Rb1b7 Na4c5
33.Rb7e7 Be5f6
34.Re7e8 Rd8xe8
35.Nd6xe8 Bf6d4
36.Kf1 Kf8
37.Ne8c7 h6
38.Nc7xa6 { resign }
1-0

[Event "Tourn. n9119"]
[Site "www.chess-mail.com"]
[Date "2017.02.22"]
[Round "1"]
[White "Caspito"]
[Black "Fabos12"]
[WhiteElo "1870"]
[BlackElo "2090"]
[Result "1-0"]
[Round "1"]
1.e4 e5
2.Ng1f3 Nb8c6
3.Bf1c4 h6
4.c3 Bf8c5
5.O-O d6
6.d3 Bc8e6
7.Bc4xe6 fxe6
8.d4 exd4
9.cxd4 Bc5b6
10.Qd1a4 d5
11.e5 Ng8e7
12.Bc1f4 O-O
13.g3 Ne7f5
14.Qa4d1 Nf5xd4
15.Nb1d2 Qd8e7
16.Kg2 Nd4f5
17.a3 Ra8d8
18.b4 Qe7f7
19.Nd2b3 d4
20.a4 a6
21.Qd1d2 d3
22.a5 Bb6a7
23.Ra1c1 Rd8d7
24.Rc1c4 Rf8d8
25.Rf1e1 Qf7e7
26.Nb3c5 Ba7xc5
27.Rc4xc5 Nc6a7
28.g4 Nf5h4
29.Kg3 Nh4xf3
30.Kxf3 Qe7h4
31.Re1e4 Na7b5
32.Rc5c1 Nb5d4
33.Ke3 Nd4b3
34.Bf4g3 Qh4g5
35.f4 Qg5xg4
36.Qd2d1 Qg4e2
37.Qd1xe2 dxe2
38.Rc1g1 Rd7d1
39.Bg3e1 Nb3d4
40.Kf2 Rd1d3
41.Rg1g3 Rd3d1
{ time. }
1-0

[Event "Tourn. n9222"]
[Site "www.chess-mail.com"]
[Date "2017.02.22"]
[Round "1"]
[White "Norlavuaram"]
[Black "Yaw1"]
[WhiteElo "2160"]
[BlackElo "2149"]
[Result "1-0"]
[Round "1"]
1.e4 e5
2.Ng1f3 Nb8c6
3.Bf1b5 d6
4.c3 Bc8d7
5.O-O Ng8f6
6.Rf1e1 a6
7.Bb5a4 b5
8.Ba4b3 Bf8e7
9.h3 Ra8a7
10.d4 exd4
11.cxd4 Nc6a5
12.Bb3c2 Qd8a8
13.Nb1c3 b4
14.Nc3b1 O-O
15.b3 c6
16.Bc1b2 d5
17.e5 Nf6e8
18.Nb1d2 Ne8c7
19.Nd2f1 Na5b7
20.Nf1g3 Qa8c8
21.Qd1d3 g6
22.Bb2c1 c5
23.Bc1h6 Bd7b5
24.Qd3d2 Rf8d8
25.Ra1c1 c4
26.Bc2b1 c3
27.Qd2e3 Bb5d7
28.Nf3g5 Nc7e6
29.h4 Ne6xg5
30.Bh6xg5 Be7xg5
31.Qe3xg5 Kg7
32.Ng3h5 Kg8
33.Nh5f6 Kg7
34.Re1e3 h6
35.Nf6h5 Kh7
36.Nh5f6  { time }
1-0

[Event "Tourn. n9259"]
[Site "www.chess-mail.com"]
[Date "2017.02.22"]
[Round "1"]
[White "Libiesse"]
[Black "Guidom"]
[WhiteElo "1810"]
[BlackElo "2100"]
[Result "1/2-1/2"]
[Round "1"]
1.d4 d5
2.c4 e6
3.Ng1f3 Ng8f6
4.Bc1g5 Bf8e7
5.Nb1c3 c6
6.cxd5 exd5
7.e3 O-O
8.Bf1d3 h6
9.Bg5h4 Bc8g4
10.Bd3e2 Nb8d7
11.h3 Bg4h5
12.a3 { draw }
1/2-1/2

[Event "Tourn. n9239"]
[Site "www.chess-mail.com"]
[Date "2017.02.22"]
[Round "1"]
[White "Autmich"]
[Black "Pachi"]
[WhiteElo "1710"]
[BlackElo "1540"]
[Result "1-0"]
[Round "1"]
1.e4 g6
2.d4 Ng8f6
3.e5 Nf6e4
4.Bf1d3 d5
5.c4 Bc8f5
6.f3 Bf5g4
7.fxg4 f5
8.gxf5 gxf5
9.Qd1h5 Kd7
10.Qh5xf5 Kc6
11.cxd5 Kb6
12.Bd3xe4 c6
13.Qf5e6 Bf8g7
14.dxc6 bxc6
15.Bc1e3 Ka6
16.Be4xc6 Qd8a5
17.Nb1c3 Nb8xc6
18.Qe6xc6 { resign }
1-0

[Event "Tourn. n9172"]
[Site "www.chess-mail.com"]
[Date "2017.02.22"]
[Round "1"]
[White "Zeksky"]
[Black "Rovaniaina"]
[WhiteElo "1910"]
[BlackElo "1919"]
[Result "1-0"]
[Round "1"]
1.e4 c5
2.Ng1f3 d6
3.Bf1c4 e6
4.O-O Ng8f6
5.Rf1e1 Bf8e7
6.c3 O-O
7.d4 Nb8c6
8.d5 Nc6e5
9.Bc4b3 h6
10.c4 Ne5xf3
11.Qd1xf3 e5
12.Qf3g3 Nf6h5
13.Qg3f3 Nh5f6
14.Bb3d1 Bc8g4
15.Qf3g3 Qd8d7
16.h3 Bg4xd1
17.Re1xd1 Nf6xe4
18.Qg3e3 f5
19.Nb1d2 f4
20.Qe3xe4  { time }
1-0

[Event "Tourn. n9238"]
[Site "www.chess-mail.com"]
[Date "2017.02.22"]
[Round "1"]
[White "Norlavuaram"]
[Black "Actmy"]
[WhiteElo "2130"]
[BlackElo "2290"]
[Result "0-1"]
[Round "1"]
1.e4 c6
2.d4 d5
3.Nb1d2 dxe4
4.Nd2xe4 Ng8f6
5.Ne4xf6 gxf6
6.Ng1f3 Bc8g4
7.Bf1e2 Nb8d7
8.Bc1e3 Rh8g8
9.Qd1d2 Qd8c7
10.O-O-O O-O-O
11.Kb1 Nd7b6
12.Qd2a5 Kb8
13.h3 Bg4h5
14.g4 Bh5g6
15.Be2d3 e6
16.c4 Bg6xd3
17.Rd1xd3 Nb6xc4
18.Qa5xc7 Kxc7
19.Be3f4 Bf8d6
20.Bf4c1 Bd6e7
21.b3 Nc4b6
22.Bc1f4 Kd7
23.Bf4g3 h5
24.gxh5 Rg8h8
25.h4 Rh8xh5
26.Rh1e1 Nb6d5
27.Kb2 Kc8
28.a3 f5
29.Nf3e5 f4
30.Bg3h2 Rh5xh4
31.Bh2g1 Rh4h7
32.f3 Rd8g8
33.Ne5g4 f5
34.Ng4e5 Rg8g2
35.Kb1 Rh7h1
36.Rd3d1 Nd5c3
{ resign }
0-1

[Event "Tourn. n9215"]
[Site "www.chess-mail.com"]
[Date "2017.02.22"]
[Round "1"]
[White "Yaw1"]
[Black "Paulsyd"]
[WhiteElo "1809"]
[BlackElo "1949"]
[Result "0-1"]
[Round "1"]
1.Ng1f3 Ng8f6
2.b3 d5
3.Bc1b2 Nb8c6
4.e3 a6
5.g3 Bc8f5
6.d3 Qd8d6
7.Nb1c3 e5
8.Nc3e2 Bf8e7
9.Nf3h4 Bf5g4
10.f3 Bg4e6
11.e4 dxe4
12.dxe4 Qd6c5
13.a4 Ra8d8
14.Qd1c1 h6
15.Bb2a3 Nc6b4
 { time }
0-1

[Event "Tourn. n9164"]
[Site "www.chess-mail.com"]
[Date "2017.02.22"]
[Round "1"]
[White "Vasylpuzanov"]
[Black "Balbyns"]
[WhiteElo "1390"]
[BlackElo "1199"]
[Result "1-0"]
[Round "1"]
1.e4 c5
2.b4 e5
3.Ng1f3 cxb4
4.Nf3xe5 Nb8c6
5.d4 Ng8f6
6.Bf1c4 Nc6xe5
7.dxe5 Qd8c7
8.Bc1b2 Qc7xc4
9.Nb1d2 Qc4c6
10.exf6 g6
11.O-O Bf8c5
12.Nd2b3 Bc5b6
13.Ra1c1 d6
14.Rf1e1 Bc8e6
15.c3 bxc3
16.Bb2xc3 Ra8c8
17.Bc3b4 Bb6xf2
18.Kxf2 Qc6b6
19.Qd1d4 Rc8xc1
20.Re1xc1 O-O
21.Qd4xb6 axb6
22.Bb4xd6 Rf8d8
23.e5 h5
24.Rc1c7 Rd8c8
25.Ke3 Rc8a8
26.Rc7c2 Ra8a3
27.Bd6xa3 { resign }
1-0